Normal view
MARC view
- DAVIS, ROY,STONE, WILLIAM H,LINGHOM, CLARERNCE H
Entry Personal Name
001 - CONTROL NUMBER
- control field: 58596
003 - CONTROL NUMBER IDENTIFIER
- control field: NUST
005 - DATE AND TIME OF LATEST TRANSACTION
- control field: 20210628202156.0
008 - FIXED-LENGTH DATA ELEMENTS
- fixed length control field: 210628|| aca||aabn | a|a d
040 ## - CATALOGING SOURCE
- Original cataloging agency: NUST
- Transcribing agency: NUST
100 ## - HEADING--PERSONAL NAME
- Personal name: DAVIS, ROY,STONE, WILLIAM H,LINGHOM, CLARERNCE H
670 ## - SOURCE DATA FOUND
- Source citation: Work cat.: (NUST): DAVIS, ROY,STONE, WILLIAM H,LINGHOM, CLARERNCE H, MODERN BUSINESS ENGLISH, 1944
